[Event "Southend Easter U1400 rapid op 67th"]
[Site "Southend"]
[Date "2025.04.17"]
[Round "4"]
[White "Broad, Jacob"]
[Black "Latypov, Robert"]
[Result "1-0"]
[WhiteElo "884"]
[BlackElo "806"]
[PlyCount "41"]
[EventDate "2025.04.17"]
[EventType "swiss (rapid)"]
[EventRounds "6"]
[EventCountry "ENG"]
[SourceTitle "CB18_2025"]
[SourceDate "2025.04.30"]
[SourceVersion "1"]
[SourceVersionDate "2025.04.30"]
[SourceQuality "1"]

1. e4 Nc6 2. d4 d6 3. d5 Ne5 4. f4 Ng4 5. Be2 N8f6 6. Nc3 g6 7. h3 Nh6 8. Nf3 Bg7 9. Be3 0-0 10. 0-0 e5 11. fxe5 dxe5 12. Nxe5 Nh5 13. Bxh5 gxh5 14. Qxh5 Bd7 15. Nxd7 Qxd7 16. Bxh6 Bxh6 17. Qxh6 Qe7 18. Rf3 Qc5+ 19. Kh1 Kh8 20. Qf6+ Kg8 21. Rg3# 1-0

[Event "Southend Easter U1400 rapid op 67th"]
[Site "Southend"]
[Date "2025.04.17"]
[Round "3"]
[White "Courtenay, James I"]
[Black "Broad, Jacob"]
[Result "1/2-1/2"]
[WhiteElo "1153"]
[BlackElo "884"]
[PlyCount "74"]
[EventDate "2025.04.17"]
[EventType "swiss (rapid)"]
[EventRounds "6"]
[EventCountry "ENG"]
[SourceTitle "CB18_2025"]
[SourceDate "2025.04.30"]
[SourceVersion "1"]
[SourceVersionDate "2025.04.30"]
[SourceQuality "1"]

1. e4 e5 2. Nf3 Nc6 3. Bc4 Nf6 4. Ng5 Nxe4 5. Nxf7 Qh4 6. 0-0 Nxf2 7. Rxf2 Bc5 8. Qf3 Bxf2+ 9. Qxf2 Qxf2+ 10. Kxf2 Nd4 11. Nxh8 Nxc2 12. Nf7 e4 13. Ng5 Nxa1 14. Nxe4 c6 15. Bd3 d5 16. Ng3 g6 17. b3 c5 18. Bb2 c4 19. bxc4 dxc4 20. Be4 Be6 21. Bxa1 0-0-0 22. Ke3 Kc7 23. Be5+ Kc8 24. d3 cxd3 25. Bxd3 Bxa2 26. Nc3 Bd5 27. Nge4 Bxe4 28. Bxe4 Re8 29. Bf4 a5 30. Nb5 Rf8 31. Nd6+ Kc7 32. Nxb7+ Kb6 33. Nd6 a4 34. Nc4+ Kb5 35. Na3+ Kb6 36. Nc4+ Kb5 37. Na3+ Kb6 1/2-1/2

[Event "Southend Easter U1400 rapid op 67th"]
[Site "Southend"]
[Date "2025.04.17"]
[Round "5"]
[White "Irie Williams, Silk"]
[Black "Broad, Jacob"]
[Result "1-0"]
[WhiteElo "894"]
[BlackElo "884"]
[PlyCount "61"]
[EventDate "2025.04.17"]
[EventType "swiss (rapid)"]
[EventRounds "6"]
[EventCountry "ENG"]
[SourceTitle "CB18_2025"]
[SourceDate "2025.04.30"]
[SourceVersion "1"]
[SourceVersionDate "2025.04.30"]
[SourceQuality "1"]

1. d4 d5 2. Bf4 Nc6 3. Nf3 Bf5 4. e3 Nf6 5. Bd3 Bxd3 6. Qxd3 Nb4 7. Qc3 e6 8. a3 Ne4 9. Qb3 Nc6 10. Qxb7 Na5 11. Qxc7 Qxc7 12. Bxc7 Nc4 13. b3 Ncd6 14. Bxd6 Bxd6 15. Nbd2 Rc8 16. Kd1 Nxd2 17. Kxd2 0-0 18. Rhc1 Rfe8 19. c4 dxc4 20. Rxc4 Rxc4 21. bxc4 f6 22. c5 Bc7 23. Rb1 e5 24. Rb7 Bb8 25. c6 Rc8 26. d5 Bd6 27. Rxa7 Rc7 28. Ra8+ Kf7 29. a4 Bb4+ 30. Kd3 f5 31. Nxe5+ 1-0